| 000 | 03148cam a2200373 a 4500 | ||
|---|---|---|---|
| 001 | 16373371 | ||
| 005 | 20250416153849.0 | ||
| 008 | 100803s2011 xxka b 001 0 eng d | ||
| 010 | _a 2010934047 | ||
| 020 | _a1849807922 | ||
| 020 | _a9781849807920 | ||
| 035 | _a(OCoLC)ocn671870145 | ||
| 040 |
_aYDXCP _cYDXCP _dLOA _dCDX _dRID _dBWX _dWCL _dDLC |
||
| 042 | _alccopycat | ||
| 043 |
_ama----- _aa------ _af------ |
||
| 050 | 0 | 0 |
_aHG3368.A6 _bF68 2011 |
| 082 |
_a332.1091767 _bFOU |
||
| 245 | 0 | 4 |
_aThe foundations of Islamic banking : _btheory, practice and education / _cedited by Mohamed Ariff, Munawar Iqbal. |
| 260 |
_aCheltenham, UK ; _aNorthampton, MA ; _bEdward Elgar, _cc2011. |
||
| 300 |
_axiii, 283 p. : _bill. ; _c25 cm. |
||
| 504 | _aIncludes bibliographical references and index. | ||
| 505 | 0 | _aIntroduction to Islamic financial institutions / Mohamed Ariff, Munawar Iqbal -- Ethics-based financial transactions : an assessment of Islamic banking / Mohamed Ariff -- Ethical principles in Islamic business and banking transactions / Mervyn K. Lewis -- Adapting understanding of riba to Islamic banking : some developments / Abdullah Saeed -- Development, history and prospects of Islamic banking / Ishaq Bhatti, Maria Bhatti -- Corporate governance and Islamic banks / Michael T. Skully -- Performance of Islamic banks and conventional banks / Mohamed Ariff, Mohammad K. Badar, Shamsher M., Taufiq Hassan -- Shariʼaah-consistent investment vehicles in Malaysia / Kabir Hassan, Eric Girard -- Takaful insurance : concept, history, and development challenges / Syed Othman Alhabshi, Shaikh Hamzah Razak -- Usury and its critics : from the Middle Ages to modernity / Constant Mews, Adrian Walsh -- Riba and interest in Islamic banking : an historical review / Raquib Zaman --Tensions in Christian financial ethics : an historical overview / Ibrahim Abraham -- Human capital development in Islamic finance : initiatives and challenges / Syed Hamid Aljunid. | |
| 520 | _aExamines the roots of the principles of ethical Islamic financial transactions, which have evolved over several millennia, on issues including usury, interest rates, and financial contracting for funding enterprises, mortgages, leasing and other transactions. Regulatory and governance issues are discussed, and the practice and operation of Islamic financial institutions are explained via three distinct case studies. The final chapter looks at what steps are being taken to provide professional accreditation to Islamic banking professional personnel and prescribes requirements for training in this growing industry. From publisher description. | ||
| 650 | 0 |
_aBanks and banking _zIslamic countries. _910170 |
|
| 650 | 0 |
_aFinance _zIslamic countries. _937604 |
|
| 650 | 0 |
_aBanks and banking _xReligious aspects _xIslam. _910171 |
|
| 650 | 0 |
_aBanking law (Islamic law) _9128711 |
|
| 650 | 0 |
_aFinance _xReligious aspects _xIslam. |
|
| 700 | 0 |
_aMohamed Ariff, _d1942- _9128712 |
|
| 700 | 1 |
_aIqbal, Munawar. _9128713 |
|
| 906 |
_a7 _bcbc _ccopycat _d2 _encip _f20 _gy-gencatlg |
||
| 942 |
_2ddc _cBK |
||
| 999 |
_c613603 _d613603 |
||